| 000 | 00651nam a2200193Ia 4500 | ||
|---|---|---|---|
| 999 |
_c7988 _d7988 |
||
| 003 | OSt | ||
| 005 | 20200107132056.0 | ||
| 008 | 190216s9999||||xx |||||||||||||| ||und|| | ||
| 020 | _a9781107606234 | ||
| 040 | _coclc | ||
| 082 |
_a351 _bOTO/P |
||
| 100 | 1 |
_aO'Toole, Laurence J., _91091 _d1948- |
|
| 245 | 0 |
_aPublic Management: _borganizations, governance, and performance / _cLaurence J. O'Toole, Jr.; Kenneth J. Meier. |
|
| 260 |
_bCambridge University Press, _c2011. _aNew Delhi: |
||
| 300 | _a317p | ||
| 650 | _xPublic Administration | ||
| 700 | 1 |
_91092 _aMeier, Kenneth J., _d1950- |
|
| 942 |
_cBK _2ddc _h351 _iOTO/P _k351 _mOTO/P |
||